Normal view
MARC view
Entry Personal Name
001 - CONTROL NUMBER
- control field: 9945
003 - CONTROL NUMBER IDENTIFIER
- control field: OSt
005 - DATE AND TIME OF LATEST TRANSACTION
- control field: 20160705142210.0
008 - FIXED-LENGTH DATA ELEMENTS
- fixed length control field: 160705|| aca||aabn | a|a d
040 ## - CATALOGING SOURCE
- Original cataloging agency: OSt
- Transcribing agency: OSt
100 ## - HEADING--PERSONAL NAME
- Personal name: Agrios,George N;
670 ## - SOURCE DATA FOUND
- Source citation: Work cat.: (OSt): Agrios,George N;, Plant Pathology., 2005.
